000 00399nam a22001697a 4500
003 MPLRDC
005 20220104124147.0
008 210129b ||||| |||| 00| 0 eng d
082 _a868.71 NH-2
100 _a年红
245 _a文坛漫步
_c
250 _a初版
260 _a
_b东方文化机构有限公司
_c1979
300 _b
650 _a马华文学
942 _cBK
_o868.71 NH-2
999 _c17122
_d17112